Vol. 5794 Learning in the Synergy of Multiple Disciplines : 4th European Conference on Technology Enhanced Learning, EC-TEL 2009 Nice, France, September 29-October 2, 2009 Proceedings
Gespeichert in:
| Weitere Verfasser: | , , |
|---|---|
| Format: | Buch |
| Sprache: | Englisch |
| Veröffentlicht: |
Berlin
Springer
2009
|
| Tags: |
Keine Tags, Fügen Sie das erste Tag hinzu!
|
MARC
| LEADER | 00000nam a22000003a 4500 | ||
|---|---|---|---|
| 001 | stu191817 | ||
| 005 | 20190206105131.8 | ||
| 008 | 091008s2009----gw------------------eng-d | ||
| 020 | |a 3-642-04635-5 | ||
| 040 | |a STU |b slo | ||
| 041 | 0 | |a eng | |
| 044 | |a gw | ||
| 100 | 1 | |a Cress, Ulrike |4 edt | |
| 245 | 1 | |a Vol. 5794 Learning in the Synergy of Multiple Disciplines : |b 4th European Conference on Technology Enhanced Learning, EC-TEL 2009 Nice, France, September 29-October 2, 2009 Proceedings | |
| 260 | |a Berlin |b Springer |c 2009 | ||
| 300 | |a 813 s. | ||
| 700 | 1 | |a Dimitrova, Vania |4 edt | |
| 700 | 1 | |a Specht, Marcus |4 edt | |
| 996 | |c I*Z6173 |l I |s A |a 24 |w stu191817_0001 | ||
| 996 | |c I*Z6078 |l I |s A |a 24 |w stu191817_0002 | ||